El Servicio de Sanidad Soviético (Record no. 81714)

MARC details
000 -LEADER
campo de control de longitud fija 00682nam a2200205 i 4500
001 - NÚMERO DE CONTROL
campo de control 81714
003 - IDENTIFICADOR DE NÚMERO DE CONTROL
campo de control ES-MaACL
005 - FECHA Y HORA DE LA ÚLTIMA TRANSACCIÓN
campo de control 20251009160258.0
007 - CAMPO FIJO DE DESCRIPCIÓN FÍSICA--INFORMACIÓN GENERAL
campo de control de longitud fija t|
008 - DATOS DE LONGITUD FIJA--INFORMACIÓN GENERAL
campo de control de longitud fija 041105s1979 sp ||||1| spa d
100 1# - ENTRADA PRINCIPAL--NOMBRE DE PERSONA
Nombre de persona Hyde, Gordon.
9 (RLIN) 64877
245 13 - MENCIÓN DEL TÍTULO
Título El Servicio de Sanidad Soviético
Resto del título : estudio histórico y comparativo /
Mención de responsabilidad, etc. Gordon Hyde ; [traducción: Fernando Velasco].
260 ## - PUBLICACIÓN, DISTRIBUCIÓN, ETC.
Lugar de publicación, distribución, etc. [Madrid] :
Nombre del editor, distribuidor, etc. Akal,
Fecha de publicación, distribución, etc. [1979]
300 ## - DESCRIPCIÓN FÍSICA
Extensión 361 p. ;
Dimensiones 22 cm.
490 1# - MENCIÓN DE SERIE
Mención de serie Manifiesto. Sociología ;
Designación de volumen o secuencia 83
700 0# - ENTRADA AGREGADA--NOMBRE PERSONAL
Nombre de persona Velasco, Fernando,
Títulos y otros términos asociados al nombre (traductor)
9 (RLIN) 113721
830 0# - PUNTO DE ACCESO ADICIONAL DE SERIE-TÍTULO UNIFORME
Título uniforme Manifiesto. Sociología ;
Designación de volumen o secuencia 83
9 (RLIN) 183435
852 ## - LOCALIZACIÓN
Ubicación ES-MaACL
Número de control de estantería A-10588
Sublocalización o colección R.99703
Holdings
Estatus retirado Estado de pérdida Estado de daño No para préstamo Biblioteca de origen Biblioteca actual Ubicación en estantería Fecha de adquisición Fuente de adquisición Total de préstamos Signatura topográfica completa Código de barras Visto por última vez Precio de reemplazo Tipo de ítem Koha
        Biblioteca del Ateneo de Madrid Biblioteca del Ateneo de Madrid Depósito 1 17/01/2008     A-10588 1085410 23/02/2023 23/02/2023 Libro impreso